| 000 | 01858cam a22004694i 4500 | ||
|---|---|---|---|
| 003 | PE-LiUPU | ||
| 005 | 20250731173514.0 | ||
| 008 | 150616s r 000 0 d | ||
| 020 | _a0664219195 | ||
| 035 | _a(Sirsi) i9780664219192 | ||
| 040 |
_aPE-LiUPU _bspa _cPE-LiUPU _erda |
||
| 049 | _aPRUA | ||
| 082 | 0 | 4 |
_a232.09015 _bG79 _221 |
| 100 | 1 |
_aGrant, Robert Mc Queen, _d1917-, _eautor. |
|
| 245 | 1 | 0 |
_aJesus after the Gospels : _bthe Christ of the second century / _cRobert M. Grant. |
| 264 | 1 |
_aLouisville, Kentacky : _bWestminster John Knox Press, _c1990. |
|
| 300 |
_a134 páginas ; _c23 centímetros |
||
| 336 |
_atext _2rdacontent |
||
| 337 |
_aunmediated _2rdamedia |
||
| 338 |
_avolume _2rdacarrier |
||
| 504 | _aBibliografía: páginas 115-131. | ||
| 505 | 0 | _aBiblical Christology: The Humanity of Christ.- Biblical Christology: The divinity of Christ.- Gnostic Christologies.- Christology in the Apostolic Fathers and Justin.- The Jewish Christian Christology of Theophilus.- Heresy and Christology.- Irenaeus' Theikigy and Christology. | |
| 526 | _aSEG42 | ||
| 526 | _aSEG41 | ||
| 526 | _aSEG40 | ||
| 526 | _aSEG39 | ||
| 526 | _aP94 | ||
| 526 | _aP87 | ||
| 526 | _aP86 | ||
| 526 | _aP85 | ||
| 526 | _aP77 | ||
| 526 | _aP76 | ||
| 526 | _aP35 | ||
| 600 | 1 |
_aJesucristo _xHistoria de las doctrinas _yIglesia primitiva, ca. 30-600 |
|
| 910 |
_ajck _bjvq _cjck |
||
| 942 |
_2ddc _cBOOK |
||
| 949 |
_a232.09015 G79 _wDEWEY _c1 _i41283 _lCCODEBUL1 _mBUL _r0 _sY _tBOOK _u2015-6-16 _xTEOLOGIA _zUNKNOWN _0COMPRA _o.STAFF. Colección General |
||
| 994 |
_aC0 _bPEPRU |
||
| 596 | _a1 | ||
| 999 |
_a232.09015 G79 _wDEWEY _c59048 _i41283 _f2021-11-11 _g5 _lCCODEBUL1 _mBUL _r0 _sY _tBOOK _u2015-6-16 _xTEOLOGIA _zUNKNOWN _0COMPRA _o.STAFF. Colección General _d59048 |
||
| 980 |
_81 _gALBERTO SANCHEZ Responsable de Automatización |
||